Uuno Turhapuro - Statistics

Yleistilastot
  • Tätä visaa on pelattu 43 kertaa
  • Keskiarvotulos 3 / 6
Vastaustilastot
Sijoitus Elokuva Vuosi % Oikein
2. Uuno Turhapuro 1973
88%
3. Uuno Epsanjassa 1985
68%
1. Uuno Turhapuro armeijan leivissä 1984
63%
5. Uuno Turhapuro muuttaa maalle 1986
46%
4. Uuno Turhapuro menettää muistinsa 1982
44%
6. Lottovoittaja UKK Turhapuro 1976
22%
Ehtoja vastaavia visoja ei löytynyt
Tulosjakauma
Jokaisen tuloksen saaneiden osuus
Persentiili vastausten määrän mukaan
Tuloshistoriasi
Et ole pelannut tätä visaa